根据城区地形地图写出辽宁各地市 Liaoning cities on urban topographic map - Statistics

General Stats
  • This quiz has been taken 22 times
  • The average score is 9 of 14
Answer Stats
Picture Answer % Correct
大连
100%
鞍山
88%
沈阳
88%
丹东
82%
锦州
76%
盘锦
65%
本溪
65%
阜新
59%
营口
59%
辽阳
53%
葫芦岛
53%
铁岭
53%
抚顺
53%
朝阳
47%
No matching quizzes found
Score Distribution
Percent of People with Each Score
Percentile by Number Answered
Your Score History
You have not taken this quiz